[Event "Oberhausener SV 1 - SF Brackel 1"]
[Site "NRW-Klasse - Gruppe 1 2018/20"]
[Date "2018.09.16"]
[Round "1.5"]
[White "Steinmetzer, Thomas"]
[Black "Ciornei, Dragos"]
[Result "1/2-1/2"]
[WhiteElo "2183"]
[BlackElo "2075"]
[PlyCount "46"]
[EventDate "2018.??.??"]
[WhiteTeam "SF Brackel 1"]
[BlackTeam "Oberhausener SV 1"]

1. e4 c5 2. Nf3 e6 3. d4 cxd4 4. Nxd4 a6 5. Bd3 Qc7 6. Qe2 d6 7. O-O Nf6 8. c4
g6 9. Nc3 Bg7 10. Be3 O-O 11. Rac1 b6 12. b4 Nbd7 13. f4 Bb7 14. Nb3 Rac8 15.
c5 dxc5 16. bxc5 Nxc5 17. Nxc5 bxc5 18. Na4 Bxe4 19. Bxa6 Bb7 20. Bxc5 Bxa6 21.
Qxa6 Rfd8 22. Nb6 Rb8 23. a4 Nd7 1/2-1/2

[Event "Oberhausener SV 1 - SF Brackel 1"]
[Site "NRW-Klasse - Gruppe 1 2018/20"]
[Date "2018.09.16"]
[Round "1.6"]
[White "Matzat, Andre"]
[Black "Korten, Lando"]
[Result "1-0"]
[WhiteElo "2025"]
[BlackElo "2107"]
[PlyCount "83"]
[EventDate "2018.??.??"]
[WhiteTeam "Oberhausener SV 1"]
[BlackTeam "SF Brackel 1"]

1. d4 Nf6 2. Bf4 g6 3. Nc3 Bg7 4. e4 d6 5. Qd2 O-O 6. Bh6 e5 7. Bxg7 Kxg7 8.
O-O-O exd4 9. Qxd4 Nc6 10. Qd2 Re8 11. f3 a6 12. g4 b5 13. h4 b4 14. Nd5 Be6
15. h5 Bxd5 16. exd5 Ne5 17. hxg6 fxg6 18. Be2 Qe7 19. g5 Nfd7 20. f4 Nf7 21.
Bg4 Nf8 22. Qxb4 Qe3+ 23. Qd2 h5 24. Bf3 Nd7 25. Rh2 Nc5 26. Re2 Qxd2+ 27. Kxd2
Rxe2+ 28. Nxe2 Re8 29. Nd4 Ne4+ 30. Bxe4 Rxe4 31. Kd3 Re7 32. Ne6+ Kg8 33. c4
Rd7 34. Re1 Nd8 35. Nxd8 Rxd8 36. Re7 Rf8 37. Ke4 Rf7 38. Rxf7 Kxf7 39. f5
gxf5+ 40. Kxf5 a5 41. b3 Kg7 42. a3 1-0

[Event "Oberhausener SV 1 - SF Brackel 1"]
[Site "NRW-Klasse - Gruppe 1 2018/20"]
[Date "2018.09.16"]
[Round "1.8"]
[White "Limberg, Matthias"]
[Black "Stemmler, Fabian"]
[Result "1/2-1/2"]
[WhiteElo "2050"]
[BlackElo "2079"]
[PlyCount "81"]
[EventDate "2018.??.??"]
[WhiteTeam "Oberhausener SV 1"]
[BlackTeam "SF Brackel 1"]

1. d4 d5 2. Bf4 Nf6 3. e3 e6 4. Nf3 c5 5. c3 Nc6 6. Nbd2 cxd4 7. exd4 Nh5 8.
Be3 Bd6 9. Ne5 g6 10. Nd3 Ng7 11. Be2 f6 12. Bf3 Nf5 13. Qe2 Qc7 14. g3 Nxe3
15. Qxe3 O-O 16. Bg2 Bd7 17. O-O Rae8 18. f4 Ne7 19. Nf3 Nf5 20. Qd2 Bb5 21.
Kh1 Qc4 22. Rfd1 Bb8 23. Nc5 Qe2 24. Re1 Qxd2 25. Nxd2 Bc6 26. Rxe6 Rxe6 27.
Nxe6 Re8 28. Nc5 Re2 29. Ncb3 Nd6 30. Bf3 Re3 31. Kg2 Nc4 32. Kf2 Rd3 33. Nxc4
Rxf3+ 34. Kxf3 dxc4+ 35. Ke3 cxb3 36. axb3 Kf7 37. c4 Bd7 38. d5 Bd6 39. Kd4 a6
40. c5 Bf8 41. Rc1 1/2-1/2

[Event "SV Letmathe 1 - SV Weidenau/Geisweid 1"]
[Site "NRW-Klasse - Gruppe 1 2018/20"]
[Date "2018.09.16"]
[Round "1.1"]
[White "Karthaeuser, Johannes"]
[Black "Kolosowski, Mateusz"]
[Result "0-1"]
[WhiteElo "2157"]
[BlackElo "2460"]
[PlyCount "60"]
[EventDate "2018.??.??"]
[WhiteTeam "SV Weidenau/Geisweid 1"]
[BlackTeam "SV Letmathe 1"]

1. e4 c5 2. c3 Nf6 3. e5 Nd5 4. d4 cxd4 5. Nf3 Nc6 6. cxd4 d6 7. Bc4 e6 8. O-O
Be7 9. Bd2 O-O 10. Nc3 Nb6 11. Bb3 d5 12. Ne2 a5 13. Bc2 Nc4 14. Bc1 Bd7 15. a3
f5 16. exf6 Bxf6 17. b3 Nd6 18. Ng3 g6 19. Re1 Rc8 20. Be3 a4 21. bxa4 Nc4 22.
Bb3 N6a5 23. Bxc4 Nxc4 24. Bf4 Qa5 25. Ne5 Qxa4 26. Qg4 Bxe5 27. Bxe5 Nxe5 28.
Rxe5 Qc2 29. Rf1 Rf6 30. Nh5 Qxf2+ 0-1

[Event "SV Letmathe 1 - SV Weidenau/Geisweid 1"]
[Site "NRW-Klasse - Gruppe 1 2018/20"]
[Date "2018.09.16"]
[Round "1.2"]
[White "Cukrowski, Filip"]
[Black "Send, Sebastian"]
[Result "1-0"]
[WhiteElo "2409"]
[BlackElo "2142"]
[PlyCount "105"]
[EventDate "2018.??.??"]
[WhiteTeam "SV Letmathe 1"]
[BlackTeam "SV Weidenau/Geisweid 1"]

1. Nf3 f5 2. c4 Nf6 3. Nc3 g6 4. d3 d6 5. g3 Bg7 6. Bg2 O-O 7. c5 c6 8. O-O Na6
9. cxd6 exd6 10. b4 Nc7 11. Bb2 Ng4 12. b5 d5 13. bxc6 bxc6 14. Na4 Bxb2 15.
Nxb2 f4 16. Rc1 fxg3 17. hxg3 Qf6 18. Qc2 Bd7 19. d4 Nb5 20. Qd2 Nd6 21. Qg5
Rab8 22. Qxf6 Rxf6 23. Nd3 Nc4 24. Nfe5 Ngxe5 25. dxe5 Re6 26. e4 Nxe5 27. exd5
cxd5 28. Nf4 Rd6 29. Rfe1 Re8 30. Nxd5 Kf7 31. f4 Nc6 32. Rxe8 Bxe8 33. Rb1 Ne7
34. Ne3 Rb6 35. Rxb6 axb6 36. Nc4 Nf5 37. g4 Nd4 38. Kf2 Nc2 39. Nxb6 Na3 40.
g5 Ke7 41. Bd5 Bb5 42. Bb3 Bd3 43. Ke3 Bf5 44. Nc4 Nb5 45. a4 Nc7 46. Ne5 Kd6
47. Kd4 Ne6+ 48. Bxe6 Bxe6 49. a5 Bc8 50. Nd3 Bb7 51. Nc5 Bg2 52. a6 Kc6 53.
Ne6 1-0

[Event "SV Letmathe 1 - SV Weidenau/Geisweid 1"]
[Site "NRW-Klasse - Gruppe 1 2018/20"]
[Date "2018.09.16"]
[Round "1.3"]
[White "Jansen, Dirk Norbert"]
[Black "Adamski, Jan"]
[Result "1/2-1/2"]
[WhiteElo "2168"]
[BlackElo "2207"]
[Annotator "Daniel"]
[PlyCount "67"]
[EventDate "2018.??.??"]
[WhiteTeam "SV Weidenau/Geisweid 1"]
[BlackTeam "SV Letmathe 1"]

1. e4 c5 2. Nf3 a6 3. Nc3 b5 4. d4 cxd4 5. Nxd4 e6 6. a3 Bb7 7. g3 Nc6 8. Bg2
Nxd4 9. Qxd4 Ne7 10. Bf4 Nc6 11. Qd3 d6 12. Rd1 Ne5 13. Qe2 Qc7 14. Bc1 Be7 15.
O-O Rc8 16. f4 Nc4 17. Rd3 h5 18. h3 Bf6 19. Kh2 Na5 20. f5 Nc4 21. fxe6 fxe6
22. e5 Nxe5 23. Bxb7 Qxb7 24. Rxd6 O-O 25. Rxe6 Nc4 26. Ne4 Bxb2 $11 27. Rxf8+
Rxf8 28. Bxb2 Nxb2 29. Nc5 Qd5 30. Nxa6 Nc4 31. Nb4 Qc5 32. Nd3 Qf5 33. Nf4 h4
34. Nd3 1/2-1/2

[Event "SV Letmathe 1 - SV Weidenau/Geisweid 1"]
[Site "NRW-Klasse - Gruppe 1 2018/20"]
[Date "2018.09.16"]
[Round "1.4"]
[White "Schleining, Zoya"]
[Black "Scholl, Patrick"]
[Result "1-0"]
[WhiteElo "2338"]
[BlackElo "1954"]
[PlyCount "57"]
[EventDate "2018.??.??"]
[WhiteTeam "SV Letmathe 1"]
[BlackTeam "SV Weidenau/Geisweid 1"]

1. d4 d5 2. c4 c6 3. Nf3 Nf6 4. Qc2 dxc4 5. Qxc4 Bg4 6. Nc3 Nbd7 7. Ng5 Bh5 8.
e4 e5 9. Be2 Bg6 10. Be3 exd4 11. Bxd4 Qa5 12. Bxf6 Nxf6 13. f4 Qb4 14. f5 Bh5
15. Qxb4 Bxb4 16. Bxh5 Nxh5 17. O-O-O h6 18. Nf3 Nf6 19. e5 Bxc3 20. exf6 Bxf6
21. Rhe1+ Be7 22. f6 gxf6 23. Nh4 Kf8 24. Nf5 Bb4 25. Re4 Ba5 26. Rd7 Re8 27.
Rxe8+ Kxe8 28. Rxb7 Rg8 29. Nd6+ 1-0

[Event "SV Letmathe 1 - SV Weidenau/Geisweid 1"]
[Site "NRW-Klasse - Gruppe 1 2018/20"]
[Date "2018.09.16"]
[Round "1.5"]
[White "Meinhardt, Michael"]
[Black "Soukup, Jiri"]
[Result "0-1"]
[WhiteElo "2028"]
[BlackElo "2344"]
[Annotator "Daniel"]
[PlyCount "140"]
[EventDate "2018.??.??"]
[WhiteTeam "SV Weidenau/Geisweid 1"]
[BlackTeam "SV Letmathe 1"]

1. d4 d5 2. Bf4 e6 3. e3 Bd6 4. Bg3 Ne7 5. Bd3 Nbc6 6. Nf3 Nf5 7. Bxd6 Nxd6 8.
c3 Qf6 9. Nbd2 e5 10. dxe5 Nxe5 11. Nxe5 Qxe5 12. O-O O-O 13. Qc2 Qh5 14. e4 c6
15. exd5 cxd5 16. Nf3 Bg4 17. Nd4 Rfe8 18. Rfe1 g6 19. Be2 Qe5 20. Qd1 Bxe2 21.
Qxe2 Qg5 22. Qc2 h5 23. Nf3 Qf4 24. Qd2 Qxd2 25. Nxd2 Re6 26. Rxe6 fxe6 27. Re1
Re8 28. Nf3 Ne4 29. Ne5 Kg7 30. f3 Nc5 31. Re3 Kf6 32. Nd3 Na4 33. Nb4 Rc8 34.
Re2 Nc5 35. Rd2 a5 36. Nd3 Na4 37. Kf1 b5 38. Ke1 Nb6 39. Re2 Nc4 40. Nf4 Rc6
41. Nd3 Nd6 42. Ne5 Rc7 43. Nxg6 Nf5 44. Nf4 Ng7 45. g3 Rc4 46. Kf2 b4 47. Re3
h4 48. Rd3 hxg3+ 49. hxg3 Nf5 50. Ne2 Nd6 51. Rd4 Rc8 52. cxb4 Nf5 53. Rg4 Rc2
54. bxa5 d4 55. Ke1 d3 56. Nc3 Rxb2 $11 57. a6 Ne3 58. Rf4+ Ke7 59. Rd4 Nc2+
60. Kd1 Nxd4 61. a7 Nb5 62. Nxb5 Rxa2 63. Nd4 Kd6 64. a8=Q Rxa8 65. Kd2 Kd5 66.
Nb5 Rb8 67. Nc3+ Kd4 68. Nd1 Rh8 69. Nf2 Rh2 70. Ke1 d2+ 0-1

[Event "SV Letmathe 1 - SV Weidenau/Geisweid 1"]
[Site "NRW-Klasse - Gruppe 1 2018/20"]
[Date "2018.09.16"]
[Round "1.6"]
[White "Gruermann, Martin"]
[Black "Donner, Bernd"]
[Result "0-1"]
[WhiteElo "2208"]
[BlackElo "2135"]
[PlyCount "66"]
[EventDate "2018.??.??"]
[WhiteTeam "SV Letmathe 1"]
[BlackTeam "SV Weidenau/Geisweid 1"]

1. e4 d6 2. d4 Nd7 3. Nf3 g6 4. c4 Bg7 5. Nc3 e5 6. Be2 exd4 7. Nxd4 Ngf6 8.
Be3 O-O 9. Qd2 Re8 10. f3 Nb6 11. O-O-O c6 12. g4 d5 13. g5 Nfd7 14. cxd5 cxd5
15. h4 Ne5 16. Bf2 Bd7 17. Kb1 Rc8 18. exd5 Nec4 19. Bxc4 Nxc4 20. Qc2 Qa5 21.
Qb3 a6 22. Ka1 b5 23. Nc6 Bxc6 24. dxc6 Nxb2 25. Bd4 Nxd1 26. Bxg7 Kxg7 27.
Rxd1 Rxc6 28. Ne4 Qc7 29. Rd7 Qxd7 30. Qb2+ Kg8 31. Nf6+ Rxf6 32. gxf6 Re1+ 33.
Qb1 Qd4# 0-1

[Event "SV Letmathe 1 - SV Weidenau/Geisweid 1"]
[Site "NRW-Klasse - Gruppe 1 2018/20"]
[Date "2018.09.16"]
[Round "1.7"]
[White "Hess, Olena"]
[Black "Pfleger, Sascha"]
[Result "1/2-1/2"]
[WhiteElo "2021"]
[BlackElo "2039"]
[PlyCount "93"]
[EventDate "2018.??.??"]
[WhiteTeam "SV Weidenau/Geisweid 1"]
[BlackTeam "SV Letmathe 1"]

1. Nf3 e6 2. c4 Nf6 3. Nc3 c5 4. a3 Be7 5. d4 cxd4 6. Nxd4 Nc6 7. e4 Qa5 8. Nb3
Qc7 9. Be3 a6 10. Rc1 O-O 11. Be2 Ne5 12. O-O b6 13. f4 Nxc4 14. Bxc4 Qxc4 15.
Nd5 Nxd5 16. Rxc4 Nxe3 17. Qc1 Nxf1 18. Qxf1 a5 19. Qd1 d5 20. exd5 exd5 21.
Rc7 Bd6 22. Qxd5 Bxc7 23. Qxa8 Bxf4 24. Qe4 Bg5 25. Nd4 Bf6 26. b3 Kh8 27. Nf3
Be6 28. Nd4 Bd7 29. Qd5 Rd8 30. Nc6 Be6 31. Qb5 Rd2 32. Qxb6 h6 33. Qxa5 Rb2
34. Qa8+ Kh7 35. Na5 Rd2 36. Qe4+ g6 37. Nc4 Rd1+ 38. Kf2 Bd5 39. Qc2 Bh4+ 40.
g3 Rh1 41. Qd3 Rxh2+ 42. Ke1 Rh1+ 43. Ke2 Rh2+ 44. Kd1 Rh1+ 45. Kc2 Be6 46. Qf3
Rh3 47. a4 1/2-1/2

[Event "SV Letmathe 1 - SV Weidenau/Geisweid 1"]
[Site "NRW-Klasse - Gruppe 1 2018/20"]
[Date "2018.09.16"]
[Round "1.8"]
[White "Hunold, Rolf"]
[Black "Waechtler, Frank"]
[Result "0-1"]
[WhiteElo "1976"]
[BlackElo "1980"]
[PlyCount "103"]
[EventDate "2018.??.??"]
[WhiteTeam "SV Letmathe 1"]
[BlackTeam "SV Weidenau/Geisweid 1"]

1. e4 Nf6 2. Nc3 d5 3. exd5 Nxd5 4. Nf3 Nxc3 5. bxc3 c5 6. Bc4 e6 7. O-O Nc6 8.
Re1 Be7 9. d4 O-O 10. Be3 b6 11. Rb1 cxd4 12. cxd4 Bb7 13. Qe2 Rc8 14. Red1 Qc7
15. Ne1 Nb4 16. Bb3 Nd5 17. Bd2 Bd6 18. h3 Nc3 19. Bxc3 Qxc3 20. Rd3 Ba6 21.
Rxc3 Bxe2 22. Re3 Bc4 23. g3 Rc7 24. Kg2 Rfc8 25. Kf3 Kf8 26. h4 Bb4 27. Nd3
Bd2 28. Re2 Bc3 29. Re4 Rd8 30. Rd1 Bxb3 31. axb3 Rxd4 32. Rxd4 Bxd4 33. c4 Ke7
34. Ke4 Bf6 35. f4 a5 36. h5 a4 37. c5 axb3 38. cxb6 Rb7 39. g4 Rxb6 40. g5 Bc3
41. Nc5 b2 42. Rb1 Rd6 43. Kf3 Rd5 44. Na4 Bd4 45. Ke4 f5+ 46. gxf6+ Bxf6 47.
Nxb2 Rb5 48. Rc1 Rxb2 49. Rc7+ Kd6 50. Ra7 Rb4+ 51. Kf3 h6 52. Ra6+ 0-1

[Event "SG Niederkassel 1 - SG Porz 2"]
[Site "NRW-Klasse - Gruppe 1 2018/20"]
[Date "2018.09.16"]
[Round "1.1"]
[White "Suvorov, Alexander"]
[Black "Grimm, Sascha"]
[Result "1-0"]
[WhiteElo "2228"]
[BlackElo "2322"]
[PlyCount "55"]
[EventDate "2018.??.??"]
[WhiteTeam "SG Porz 2"]
[BlackTeam "SG Niederkassel 1"]

1. d4 Nf6 2. c4 g6 3. Nc3 d5 4. Nf3 Bg7 5. Bg5 Ne4 6. cxd5 Nxg5 7. Nxg5 c6 8.
e3 e6 9. Nf3 exd5 10. Bd3 Qd6 11. Rb1 O-O 12. O-O Nd7 13. b4 b6 14. Qe2 a5 15.
a3 axb4 16. axb4 Re8 17. Qb2 Bb7 18. Ne1 f5 19. Be2 f4 20. Nc2 Re7 21. Bf3 Nf6
22. Qb3 Kh8 23. exf4 Qxf4 24. b5 cxb5 25. Nxd5 Nxd5 26. Bxd5 Bxd4 27. Bxb7 Rxb7
28. Qd5 1-0

[Event "SG Niederkassel 1 - SG Porz 2"]
[Site "NRW-Klasse - Gruppe 1 2018/20"]
[Date "2018.09.16"]
[Round "1.2"]
[White "Wigger, Jochen"]
[Black "Suvorov, Luca"]
[Result "1-0"]
[WhiteElo "2234"]
[BlackElo "2118"]
[PlyCount "65"]
[EventDate "2018.??.??"]
[WhiteTeam "SG Niederkassel 1"]
[BlackTeam "SG Porz 2"]

1. c4 e6 2. Nc3 Nf6 3. Nf3 d5 4. e3 c5 5. d4 cxd4 6. exd4 Be7 7. Bd3 dxc4 8.
Bxc4 a6 9. O-O O-O 10. Re1 Nc6 11. Bb3 Qa5 12. Bd2 Qh5 13. Ne2 Bb4 14. Rc1 Bxd2
15. Qxd2 Rd8 16. Qf4 Nb4 17. Ne5 Nbd5 18. Qg3 Bd7 19. Nf4 Nxf4 20. Qxf4 Rac8
21. Bd1 Qf5 22. Qxf5 exf5 23. Bf3 Rb8 24. Rc7 Be6 25. Bxb7 Ne8 26. Re7 Kf8 27.
Nc6 Rdc8 28. Bxc8 Rxc8 29. d5 Bxd5 30. Nb4 Be6 31. Ra7 Rb8 32. a3 Rb6 33. Rxa6
1-0

[Event "SG Niederkassel 1 - SG Porz 2"]
[Site "NRW-Klasse - Gruppe 1 2018/20"]
[Date "2018.09.16"]
[Round "1.3"]
[White "Liard, Thibaud"]
[Black "Guelsen, Taylan"]
[Result "1-0"]
[WhiteElo "2120"]
[BlackElo "2189"]
[Annotator "Daniel"]
[PlyCount "55"]
[EventDate "2018.??.??"]
[WhiteTeam "SG Porz 2"]
[BlackTeam "SG Niederkassel 1"]

1. d4 d5 2. Bf4 c5 3. e3 Nc6 4. c3 cxd4 5. exd4 f6 6. Nf3 g5 7. Bg3 Bf5 8. Bb5
e6 9. O-O h5 10. h4 g4 11. Nfd2 Bd6 12. c4 Bxg3 13. fxg3 Nge7 14. Nc3 a6 15.
Bxc6+ bxc6 16. Kh2 Qb8 17. cxd5 cxd5 18. Qe2 Kf7 19. Nb3 Qd6 20. Qf2 Ng6 21.
Kh1 Rhf8 22. Nc5 Kg7 23. Rae1 Rae8 24. Re3 Re7 25. b4 Rb8 26. a3 Rf8 27. Qe2
Ra8 28. a4 {Rest nicht nachvollziehbar!} 1-0

[Event "SG Niederkassel 1 - SG Porz 2"]
[Site "NRW-Klasse - Gruppe 1 2018/20"]
[Date "2018.09.16"]
[Round "1.4"]
[White "Rybarczyk, Klaus"]
[Black "Sabirov, Ramil"]
[Result "1-0"]
[WhiteElo "2157"]
[BlackElo "2111"]
[PlyCount "77"]
[EventDate "2018.??.??"]
[WhiteTeam "SG Niederkassel 1"]
[BlackTeam "SG Porz 2"]

1. Nf3 c5 2. c4 g6 3. d4 cxd4 4. Qxd4 Nf6 5. Nc3 Bg7 6. e4 Nc6 7. Qd2 O-O 8.
Be2 a6 9. O-O Rb8 10. Rb1 b5 11. cxb5 axb5 12. b4 d6 13. h3 Be6 14. a3 Qc8 15.
Bb2 Rd8 16. Bxb5 Nxe4 17. Nxe4 Rxb5 18. Bxg7 Kxg7 19. Rbc1 Qb7 20. Nc3 Rh5 21.
Rfe1 h6 22. b5 Na5 23. Nd4 Nb3 24. Nxb3 Bxb3 25. a4 e5 26. Rb1 Be6 27. a5 Rg5
28. f4 exf4 29. Ne4 Re5 30. Qd4 Qd5 31. Qxd5 Bxd5 32. Nc3 Ba8 33. a6 Rc5 34.
Rec1 Rg5 35. Rb2 f3 36. b6 Bc6 37. Nd1 Be4 38. b7 Rb8 39. Rc8 1-0

[Event "SG Niederkassel 1 - SG Porz 2"]
[Site "NRW-Klasse - Gruppe 1 2018/20"]
[Date "2018.09.16"]
[Round "1.5"]
[White "Finke, Kai"]
[Black "Stanetzek, Carsten"]
[Result "0-1"]
[WhiteElo "2089"]
[BlackElo "2155"]
[PlyCount "77"]
[EventDate "2018.??.??"]
[WhiteTeam "SG Porz 2"]
[BlackTeam "SG Niederkassel 1"]

1. d4 d5 2. Bf4 Nf6 3. e3 c5 4. c3 Nc6 5. Nd2 Bf5 6. Qb3 Qc8 7. Ngf3 c4 8. Qd1
e6 9. Nh4 Be4 10. f3 Bg6 11. e4 Be7 12. g4 b5 13. Bg3 b4 14. Qe2 bxc3 15. bxc3
Qa6 16. a4 Qa5 17. Qe3 O-O 18. Nxg6 hxg6 19. Be2 e5 20. g5 exd4 21. cxd4 Nd7
22. Bf2 dxe4 23. f4 c3 24. Nc4 Qd5 25. O-O Bb4 26. Na3 Nb6 27. Nb5 Nc4 28. Qc1
Rac8 29. Nxc3 Bxc3 30. Qxc3 Ne7 31. Qb4 Nf5 32. Rfc1 e3 33. Rxc4 exf2+ 34. Kxf2
Qe4 35. Qd2 Rxc4 36. Bxc4 Nxd4 37. Re1 Qf3+ 38. Kg1 Rd8 39. Qe3 0-1

[Event "SG Niederkassel 1 - SG Porz 2"]
[Site "NRW-Klasse - Gruppe 1 2018/20"]
[Date "2018.09.16"]
[Round "1.6"]
[White "Bussard, Christian"]
[Black "Paulus, Jeffrey"]
[Result "1-0"]
[WhiteElo "2244"]
[BlackElo "1975"]
[PlyCount "83"]
[EventDate "2018.??.??"]
[WhiteTeam "SG Niederkassel 1"]
[BlackTeam "SG Porz 2"]

1. d4 d5 2. Bf4 e6 3. e3 c5 4. c3 Nc6 5. Nf3 Qb6 6. Qb3 c4 7. Qc2 Bd7 8. Nbd2
Nf6 9. Be2 Nh5 10. Bg3 Nxg3 11. hxg3 g6 12. e4 Bg7 13. g4 Qc7 14. Nf1 b5 15.
Ne3 Ne7 16. Nd2 dxe4 17. Nxe4 Bc6 18. Bf3 Qf4 19. a4 Nd5 20. axb5 Bxb5 21. Qd2
O-O 22. Nxd5 Qxd2+ 23. Nxd2 exd5 24. Bxd5 Rfe8+ 25. Kd1 Rad8 26. Bf3 Re7 27.
Re1 Rc7 28. Kc2 h6 29. Ne4 Bf8 30. Nf6+ Kg7 31. Ra5 a6 32. Rxb5 axb5 33. Ne8+
Rxe8 34. Rxe8 b4 35. Rb8 b3+ 36. Kd2 Be7 37. Rb7 Bg5+ 38. Kd1 Rc8 39. Bd5 Kh8
40. Rxf7 h5 41. gxh5 gxh5 42. Ra7 1-0

[Event "SG Niederkassel 1 - SG Porz 2"]
[Site "NRW-Klasse - Gruppe 1 2018/20"]
[Date "2018.09.16"]
[Round "1.7"]
[White "Heedt, Thorsten"]
[Black "Dierkes, Tobias"]
[Result "1/2-1/2"]
[WhiteElo "2018"]
[BlackElo "2116"]
[PlyCount "45"]
[EventDate "2018.??.??"]
[WhiteTeam "SG Porz 2"]
[BlackTeam "SG Niederkassel 1"]

1. e4 c5 2. Nf3 e6 3. d4 cxd4 4. Nxd4 a6 5. Nc3 Qc7 6. g3 b5 7. Bg2 Bb7 8. O-O
Nf6 9. Re1 d6 10. Bg5 Nbd7 11. Qe2 e5 12. Nd5 Nxd5 13. exd5 Qc4 14. Ne6 fxe6
15. dxe6 Qxe2 16. exd7+ Kxd7 17. Rxe2 Bxg2 18. Kxg2 h6 19. Be3 Be7 20. Rd1 Rac8
21. f4 Bf6 22. fxe5 Bxe5 23. Bd4 1/2-1/2

[Event "SG Niederkassel 1 - SG Porz 2"]
[Site "NRW-Klasse - Gruppe 1 2018/20"]
[Date "2018.09.16"]
[Round "1.8"]
[White "Broehl, Stephan"]
[Black "Kremser, Michael"]
[Result "1/2-1/2"]
[WhiteElo "2087"]
[BlackElo "1998"]
[PlyCount "73"]
[EventDate "2018.??.??"]
[WhiteTeam "SG Niederkassel 1"]
[BlackTeam "SG Porz 2"]

1. e4 c5 2. Nf3 e6 3. d4 cxd4 4. Nxd4 a6 5. c4 Qc7 6. Nc3 Nf6 7. Be2 d6 8. O-O
b6 9. Be3 Bb7 10. f3 Be7 11. Rc1 O-O 12. Qd2 Nbd7 13. Kh1 Rac8 14. Rfd1 Rfd8
15. Bf1 Qb8 16. Qf2 d5 17. exd5 exd5 18. Nf5 Bf8 19. cxd5 b5 20. a3 Qe5 21. Bd3
Nc5 22. Bc2 Nxd5 23. Qh4 g6 24. Bd4 Qf4 25. Qxf4 Nxf4 26. Ng3 Nce6 27. Bf6
Rxd1+ 28. Rxd1 Bg7 29. Bxg7 Kxg7 30. Be4 Rc7 31. Bxb7 Rxb7 32. Nge4 g5 33. Nd6
Ra7 34. Nce4 h6 35. g3 Nh5 36. Kg2 Nf6 37. Kf2 1/2-1/2

[Event "Krefelder SK Turm 1 - SG Porz 2"]
[Site "NRW-Klasse - Gruppe 1 2018/20"]
[Date "2018.10.14"]
[Round "2.1"]
[White "Suvorov, Alexander"]
[Black "Stomberg, Thomas"]
[Result "1/2-1/2"]
[WhiteElo "2228"]
[BlackElo "2306"]
[PlyCount "115"]
[EventDate "2018.??.??"]
[WhiteTeam "SG Porz 2"]
[BlackTeam "Krefelder SK Turm 1"]

1. d4 d5 2. c4 e6 3. Nc3 Nf6 4. cxd5 exd5 5. Bg5 c6 6. e3 Be7 7. Qc2 Nbd7 8.
Bd3 h6 9. Bh4 Nh5 10. Bxe7 Qxe7 11. Nf3 Nf4 12. O-O Nxd3 13. Qxd3 O-O 14. Rfe1
Nb6 15. Nd2 Be6 16. f3 Rfd8 17. Rad1 Rac8 18. Nb3 Nc4 19. Qc2 b6 20. Nd2 Nd6
21. Qd3 Qg5 22. e4 dxe4 23. fxe4 Bg4 24. Nf3 Bxf3 25. Qxf3 c5 26. Qf2 cxd4 27.
Rxd4 Nb5 28. Rxd8+ Rxd8 29. Nd5 Qe5 30. Qd2 Nd6 31. Qc3 Re8 32. Qd3 Nxe4 33. b4
Rd8 34. Rxe4 Rxd5 35. Rxe5 Rxd3 36. a4 Ra3 37. a5 bxa5 38. bxa5 Ra2 39. Rc5 g5
40. h3 Kg7 41. Kh2 Re2 42. Rc7 a6 43. Ra7 Re6 44. Kg3 Kg6 45. Rb7 f6 46. Ra7 f5
47. h4 Kf6 48. Ra8 Ke5 49. Ra7 Rd6 50. h5 f4+ 51. Kh3 Kf5 52. Rf7+ Rf6 53. Rg7
Rd6 54. Rf7+ Ke5 55. Ra7 Ke6 56. Rh7 Kf5 57. Rf7+ Rf6 58. Rg7 1/2-1/2

[Event "Krefelder SK Turm 1 - SG Porz 2"]
[Site "NRW-Klasse - Gruppe 1 2018/20"]
[Date "2018.10.14"]
[Round "2.2"]
[White "Kistella, Roman"]
[Black "Suvorov, Luca"]
[Result "1-0"]
[WhiteElo "2199"]
[BlackElo "2118"]
[PlyCount "107"]
[EventDate "2018.??.??"]
[WhiteTeam "Krefelder SK Turm 1"]
[BlackTeam "SG Porz 2"]

1. d4 Nf6 2. Nf3 e6 3. c4 a6 4. Nc3 d5 5. c5 Be7 6. Bf4 O-O 7. e3 Nh5 8. Bd3
Nxf4 9. exf4 b6 10. b4 a5 11. a3 bxc5 12. bxc5 Ba6 13. O-O g6 14. Rb1 Qc8 15.
Re1 Bxd3 16. Qxd3 Re8 17. Qb5 Ra6 18. Re2 Nc6 19. Reb2 Bf6 20. Qa4 Qd7 21. Rb7
Rc8 22. g3 Kg7 23. Kg2 h6 24. Qd1 Raa8 25. Qa4 Ra6 26. Nd1 Qe8 27. Qb5 Raa8 28.
Qd3 Qd7 29. Ne3 Kf8 30. Ng4 Bg7 31. Qe3 Qe8 32. Nge5 Kg8 33. Nxc6 Qxc6 34. Qb3
Kf8 35. a4 Bf6 36. Rb5 Kg7 37. Qc3 Qa6 38. Qe3 Qc6 39. g4 Kh7 40. h4 Rg8 41. g5
Bd8 42. Ne5 Qe8 43. Qe1 f6 44. Nf3 fxg5 45. fxg5 Qf7 46. Qe5 Rf8 47. R5b3 h5
48. Re1 Ra6 49. Qe2 Ra7 50. Qxe6 Qf4 51. Qd7+ Rf7 52. Qxd8 Qg4+ 53. Kh2 Rb7 54.
Re8 1-0

[Event "Krefelder SK Turm 1 - SG Porz 2"]
[Site "NRW-Klasse - Gruppe 1 2018/20"]
[Date "2018.10.14"]
[Round "2.3"]
[White "Bunyatov, Rustam"]
[Black "Van Gool, Rudi"]
[Result "1/2-1/2"]
[WhiteElo "2218"]
[BlackElo "2209"]
[PlyCount "147"]
[EventDate "2018.??.??"]
[WhiteTeam "SG Porz 2"]
[BlackTeam "Krefelder SK Turm 1"]

1. Nf3 d5 2. c4 e6 3. g3 Nf6 4. Bg2 Be7 5. O-O O-O 6. d4 c6 7. Nc3 b6 8. Ne5
Ba6 9. Qa4 b5 10. cxb5 cxb5 11. Qd1 b4 12. Na4 Nfd7 13. f4 f5 14. Be3 Qa5 15.
Bf3 Bb5 16. Nc5 Nxe5 17. fxe5 Bxc5 18. dxc5 Nc6 19. Bd4 Qc7 20. Qd2 a5 21. Rac1
a4 22. Kh1 Bc4 23. a3 bxa3 24. bxa3 Na5 25. Qe3 Rab8 26. Rc3 Rb3 27. Rfc1 Nc6
28. Qf4 Ne7 29. Bh5 Qb7 30. e3 Nc6 31. Bd1 Rxc3 32. Bxc3 Qb5 33. Bd4 Bd3 34.
Qf2 Rb8 35. Kg2 Qa5 36. h4 Bc4 37. Kh3 Bb3 38. Bf3 Qc7 39. g4 Rf8 40. g5 Nxe5
41. Qg3 f4 42. Bxe5 Qxe5 43. exf4 Qe3 44. Re1 Qxc5 45. Rxe6 d4 46. Re5 Qxa3 47.
Bd5+ Kh8 48. Bxb3 axb3 49. Rb5 Re8 50. Kg4 Qd6 51. Rxb3 Qd7+ 52. f5 Rf8 53. Qe5
d3 54. Rb8 Rd8 55. Rxd8+ Qxd8 56. f6 d2 57. fxg7+ Kg8 58. Qe6+ Kxg7 59. Qe5+
Kg8 60. Qe6+ Kf8 61. Qh6+ Ke8 62. Qh5+ Kf8 63. Qh6+ Kg8 64. Qe6+ Kg7 65. Qe5+
Kf7 66. Qf4+ Ke7 67. Qe3+ Kf8 68. Qf3+ Kg8 69. Qb3+ Kg7 70. Qc3+ Kg6 71. h5+
Kf7 72. Qf3+ Ke8 73. Qe3+ Kf8 74. Qf3+ 1/2-1/2

[Event "Krefelder SK Turm 1 - SG Porz 2"]
[Site "NRW-Klasse - Gruppe 1 2018/20"]
[Date "2018.10.14"]
[Round "2.4"]
[White "Kern, Guido"]
[Black "Kagan, Dennis"]
[Result "1-0"]
[WhiteElo "2286"]
[BlackElo "1945"]
[PlyCount "69"]
[EventDate "2018.??.??"]
[WhiteTeam "Krefelder SK Turm 1"]
[BlackTeam "SG Porz 2"]

1. Nf3 Nf6 2. g3 e6 3. Bg2 Be7 4. c4 d5 5. d4 O-O 6. O-O dxc4 7. Qa4 a6 8. Qxc4
b5 9. Qc2 Bb7 10. Bg5 Nc6 11. Rd1 Nb4 12. Qc1 Qc8 13. Bxf6 Bxf6 14. Nbd2 Rd8
15. a3 Nc6 16. Nb3 e5 17. d5 Nd4 18. Nfxd4 exd4 19. Qc5 d3 20. Rxd3 Bxb2 21.
Ra2 Be5 22. f4 Bd6 23. Qc3 f5 24. Nd4 Qd7 25. Rad2 a5 26. Ne6 b4 27. Qc2 Re8
28. a4 Ba6 29. Rd4 Qf7 30. e4 fxe4 31. Bxe4 g6 32. f5 gxf5 33. Bxf5 b3 34. Rg4+
Kh8 35. Qc3+ 1-0

[Event "Krefelder SK Turm 1 - SG Porz 2"]
[Site "NRW-Klasse - Gruppe 1 2018/20"]
[Date "2018.10.14"]
[Round "2.5"]
[White "Paulus, Jeffrey"]
[Black "Terhuven, Patrick"]
[Result "0-1"]
[WhiteElo "1975"]
[BlackElo "2157"]
[Annotator "Daniel"]
[PlyCount "110"]
[EventDate "2018.??.??"]
[WhiteTeam "SG Porz 2"]
[BlackTeam "Krefelder SK Turm 1"]

1. d4 d5 2. Bf4 Nf6 3. e3 c5 4. c3 Nc6 5. Nd2 e6 6. Ngf3 Bd6 7. Ne5 Qc7 8. Bb5
O-O 9. Bxc6 bxc6 10. Qa4 cxd4 11. exd4 Nh5 12. Be3 Rb8 13. Nd3 Nf4 14. Nxf4
Bxf4 15. b4 Bd6 16. g3 e5 17. a3 Bh3 18. Rc1 Rfe8 19. Nb3 f5 20. dxe5 Bxe5 21.
Kd2 f4 22. Bc5 Bf6 23. Rce1 Bg5 24. Kc2 Bg2 25. Rhg1 Be4+ 26. Kb2 Ra8 27. Nd4
a5 28. Qxc6 Qf7 29. f3 Bd3 30. Re6 axb4 31. Bxb4 Bc4 32. Rge1 Rec8 33. Qd6 fxg3
34. hxg3 Bf6 35. Nc6 Kh8 36. f4 h6 37. Ne5 Qh5 38. Nxc4 dxc4 39. R1e2 Rd8 40.
Qc6 Rac8 41. Qb7 Qh3 42. R6e3 Qf1 43. Qf3 Qg1 44. Qf2 Qd1 45. Qe1 Qb3+ 46. Kc1
Rd3 47. Rb2 Qa4 48. Rd2 Rcd8 49. Rdxd3 $11 cxd3 50. Qd2 Qb5 51. Kb2 Qc4 52. Be7
Bxe7 53. Rxe7 Rb8+ 54. Kc1 Rb3 55. Kd1 Rb1+ 0-1